书目信息 |
| 题名: |
地震遥感应急专家协同机制与合作平台
|
|
| 作者: | 张景发 编著 | |
| 分册: | ||
| 出版信息: | 北京 地震出版社 2021.12 |
|
| 页数: | 192页 | |
| 开本: | 26cm | |
| 丛书名: | ||
| 单 册: | ||
| 中图分类: | P315.95 | |
| 科图分类: | ||
| 主题词: | 遥感技术--yao gan ji shu--应用--地震灾害--救援 | |
| 电子资源: | ||
| ISBN: | 978-7-5028-5350-1 | |
| 000 | 01223nam0 2200265 450 | |
| 001 | 27241 | |
| 005 | 20220921095800.76 | |
| 010 | @a978-7-5028-5350-1@dCNY80.00 | |
| 100 | @a20220602d2021 em y0chiy50 ea | |
| 101 | 0 | @achi |
| 102 | @aCN@b110000 | |
| 105 | @aa a 000yy | |
| 200 | 1 | @a地震遥感应急专家协同机制与合作平台@Adi zhen yao gan ying ji zhuan jia xie tong ji zhi yu he zuo ping tai@f张景发 ... [等] 编著 |
| 210 | @a北京@c地震出版社@d2021.12 | |
| 215 | @a192页@c彩图@d26cm | |
| 304 | @a题名页题其余责任者: 蒋洪波, 李强, 龚丽霞, 申旭辉, 王建飞 | |
| 312 | @a英文题名取自封面 | |
| 320 | @a有书目 (第189-192页) | |
| 330 | @a本书分九章, 包括: 绪论、遥感地震应急数据源、遥感震害预评估技术、遥感震害评估技术、地震灾害遥感评估产品、遥感地震应急专家知识与协同合作、遥感地震应急协作平台等。主要内容包括: 遥感地震应急合作机制发展现状 ; 存在的问题 ; 数据源介绍 ; 遥感数据在地震应急中的作用 ; 地震应急遥感数据源等。 | |
| 510 | 1 | @aInternational cooperation on remote sensing in earthquake emergency response@zeng |
| 606 | 0 | @a遥感技术@Ayao gan ji shu@x应用@x地震灾害@x救援 |
| 690 | @aP315.95@v5 | |
| 701 | 0 | @a张景发@Azhang jing fa@4编著 |
| 801 | 0 | @aCN@c20220910 |
| 905 | @a河南城建学院图书馆@dP315.95@eZ120@f2 | |
| 地震遥感应急专家协同机制与合作平台/张景发 ... [等] 编著.-北京:地震出版社,2021.12 |
| 192页:彩图;26cm |
| ISBN 978-7-5028-5350-1:CNY80.00 |
| 本书分九章, 包括: 绪论、遥感地震应急数据源、遥感震害预评估技术、遥感震害评估技术、地震灾害遥感评估产品、遥感地震应急专家知识与协同合作、遥感地震应急协作平台等。主要内容包括: 遥感地震应急合作机制发展现状 ; 存在的问题 ; 数据源介绍 ; 遥感数据在地震应急中的作用 ; 地震应急遥感数据源等。 |
| ● |
| 相关链接 |
|
|
|
正题名:地震遥感应急专家协同机制与合作平台
索取号:P315.95/Z120
 
预约/预借
| 序号 | 登录号 | 条形码 | 馆藏地/架位号 | 状态 | 备注 |
| 1 | 1579141 | 215791418 | 自科库401/401自科库 126排2列4层/ [索取号:P315.95/Z120] | 在馆 | |
| 2 | 1579142 | 215791427 | 自科库401/401自科库 126排2列4层/ [索取号:P315.95/Z120] | 在馆 |